| 000 | 00315nam a2200121Ia 4500 | ||
|---|---|---|---|
| 008 | 230907s9999||||xx |||||||||||||| ||und|| | ||
| 082 |
_a660.2842 _bPRI |
||
| 100 | _aFoust, Alan Shivers, | ||
| 245 | 0 | _aPrinciples of unit operations / | |
| 260 |
_aWiley, _bNew York : _c1980 |
||
| 300 | _axiv, 768 p. : | ||
| 942 | _cBK | ||
| 999 |
_c598515 _d598515 |
||